Normal view
MARC view
- Literatura inglesa
Entry Materia
Number of records used in: 183
001 - NÚMERO DE CONTROL DEL REGISTRO
- campo de control: 5228
003 - IDENTIFICADOR DE NUMERO DE CONTROL
- campo de control: MX-MxUPN
005 - FECHA Y HORA DE LA ÚLTIMA TRANSACCIÓN
- campo de control: 20240805120308.0
008 - DATOS DE LONGITUD FIJA
- campo de control de longitud fija: 220610nn acnnnbabn n ana d
035 ## - NÚMERO DE CONTROL DEL SISTEMA
- Número de control del sistema: UPN10000005228
040 ## - FUENTE DE LA CATALOGACIÓN
- Centro catalogador de origen: MX-MUPN
- Lengua de catalogación: spa
- Agencia de transcripción: MX-MxUPN
150 ## - ENCABEZAMIENTO - TEMÁTICO
- Término de materia o nombre geográfico como elemento inicial: Literatura inglesa
670 ## - FUENTE EN LA QUE SE LOCALIZARON DATOS
- Cita de la fuente: E
902 ## - CATALOGADOR
- Catalogador: MEEG/241196
